000 01570nab a2200217 i 4500
001 768714001
003 CO-MdFUSB
005 20240313145013.0
008 230428s2017 cl ||||| |||| 00| 0 eng d
022 _a1669-8949
040 _beng
_aCO-MdFUSB
_cCO-MdFUSB
_dCO-MdFUSB
041 _aeng
100 _aBalmaceda, Vilma,
_eautor
245 1 _aConfronting injustice in Latin America :
_bfaith, commitment to justice and perceptions of the role of the local church
_c/ Vilma "Nina" Balmaceda
300 _aVolumen 12, número 2 (2017), páginas: 103 -122
_c; 23 cm
520 _aEl objetivo de este artículo es exponer la necesidad ampliar la comprensión del papel de la iglesia como agente de transformación en sus respectivas comunidades, yendo más allá de la transformación individual entendida como un asunto puramente espiritual, y alcanzar un compromiso colectivo activo para defender la justicia la paz y los derechos de los marginados, de manera integral. Organizado en cinco secciones, este artículo presenta primero el marco conceptual que ha guiado la investigación; luego explica la metodología utilizada y las características demográficas de los participantes, Finalmente, identifica los principales hallazgos y las conclusiones que se pueden extraer de tales hallazgos.
546 _aTexto en inglés
650 7 _9405
_aSociología cristiana
773 0 _049416
_981935
_dSantiago de Chile
_oR1736
_tJournal of Latin American Theology :
_w(CO-MdFUSB)118
_x1669-8949
_gVolumen 12, número 2 (2017), páginas: 103 -122
_qpáginas 103
942 _cANA
999 _c68811
_d68811